[Event "74th ch-BUL"]
[Site "Kyustendil BUL"]
[Date "2010.04.10"]
[Round "5"]
[White "Nikolov,Mo"]
[Black "Berbatov,K"]
[Result "1-0"]
[WhiteElo "2550"]
[BlackElo "2481"]
[EventDate "2010.04.07"]

1. d4 Nf6 2. c4 g6 3. Nc3 Bg7 4. e4 d6 5. f3 O-O 6. Be3 Nc6 7. Qd2 a6 8.
Nge2 Rb8 9. Rc1 Bd7 10. Nd1 b5 11. c5 e6 12. Nf2 b4 13. Ng3 a5 14. Bd3 Ne7
15. O-O Bb5 16. Ne2 Nd7 17. cxd6 cxd6 18. b3 Bxd3 19. Nxd3 d5 20. e5 Qb6
21. h4 Rfc8 22. Bg5 Nc6 23. Nf2 Na7 24. Bh6 Bxh6 25. Qxh6 Nb5 26. Qf4 Qd8
27. Ng4 Qe7 28. h5 g5 29. Qe3 Kh8 30. h6 Nf8 31. Nf6 Ng6 32. Qxg5 Nc3 33.
Qd2 Nxe2+ 34. Qxe2 Qa7 35. Qe3 Ne7 36. g4 Qb6 37. Nd7 1-0

[Event "74th ch-BUL"]
[Site "Kyustendil BUL"]
[Date "2010.04.10"]
[Round "5"]
[White "Kukov,V"]
[Black "Janev,E"]
[Result "1/2-1/2"]
[WhiteElo "2368"]
[BlackElo "2450"]
[EventDate "2010.04.07"]

1. d4 d6 2. Nf3 g6 3. g3 Nf6 4. Bg2 Bg7 5. O-O O-O 6. a4 c6 7. Nc3 Na6 8.
e4 Bg4 9. Bg5 h6 10. Be3 Nc7 11. h3 Bxf3 12. Bxf3 e5 13. dxe5 dxe5 14. a5
Ne6 15. Ne2 Nd7 16. c3 Qe7 17. Qc2 b5 18. axb6 axb6 19. Bg4 h5 20. Bf3 b5
21. h4 Nec5 22. Bg2 Qe6 23. b4 Nb7 24. Rfd1 Nf6 25. f3 Rfe8 26. Kh2 Bf8 27.
Ng1 c5 28. Bf1 c4 29. Bh3 Qc6 30. Bg5 Rxa1 31. Rxa1 Nh7 32. Be3 Rd8 33. Rd1
Be7 34. Rxd8+ Bxd8 35. Qd2 Nf6 36. Kg2 Bb6 37. Bg5 Ba7 38. Bc8 Qxc8 39.
Bxf6 Qe6 40. Bg5 Nd6 41. Be3 Bxe3 42. Qxe3 f6 43. Nh3 Qd7 44. Qh6 Qe8 45.
Qd2 Nc8 46. Qd5+ Kf8 47. Nf2 Ne7 48. Qd2 Qc6 49. Nd1 Kf7 50. Ne3 f5 51. Nd5
Nxd5 52. exd5 Qd6 53. Qh6 Qxd5 54. Qh7+ Kf6 55. Qh8+ Ke7 56. Qg7+ Kd8 57.
Qh8+ Kc7 58. Qg7+ Kc8 59. Qh8+ Kd7 1/2-1/2

[Event "74th ch-BUL"]
[Site "Kyustendil BUL"]
[Date "2010.04.10"]
[Round "5"]
[White "Spasov,V"]
[Black "Chatalbashev,B"]
[Result "1/2-1/2"]
[WhiteElo "2599"]
[BlackElo "2555"]
[EventDate "2010.04.07"]

1. e4 d6 2. d4 Nf6 3. Nc3 g6 4. Be2 Bg7 5. Nf3 O-O 6. O-O Bg4 7. Be3 Nc6 8.
Qd2 e5 9. dxe5 dxe5 10. Rad1 Qc8 11. Qc1 Rd8 12. Rxd8+ Qxd8 13. Rd1 Qf8 14.
h3 Bxf3 15. Bxf3 Rd8 16. Rxd8 Qxd8 17. Qd2 Qxd2 18. Bxd2 Nd4 19. Bd1 Bf8
20. f3 Bc5 21. Kf1 Nh5 22. Ne2 Nxe2 23. Kxe2 Nf4+ 24. Bxf4 exf4 25. c3 Kf8
26. Bb3 Ke7 27. a4 a5 28. Bd5 b6 29. b3 f6 30. Kd3 Kd6 31. Bg8 h6 32. Bf7
g5 1/2-1/2

[Event "74th ch-BUL"]
[Site "Kyustendil BUL"]
[Date "2010.04.11"]
[Round "6"]
[White "Arnaudov,G"]
[Black "Chatalbashev,B"]
[Result "1/2-1/2"]
[WhiteElo "2404"]
[BlackElo "2555"]
[EventDate "2010.04.07"]

1. d4 d6 2. Nf3 Bg4 3. c4 Bxf3 4. exf3 c6 5. d5 Nf6 6. Nc3 g6 7. Be3 Nbd7
8. Qd2 Bg7 9. Be2 O-O 10. h4 cxd5 11. cxd5 Qa5 12. a3 Rfc8 13. Bd4 Ne5 14.
Rd1 a6 15. O-O b5 16. Qe3 Qc7 17. Rfe1 Rab8 18. f4 Nc4 19. Bxc4 bxc4 20.
Qxe7 Rxb2 21. Qxc7 Rxc7 22. h5 gxh5 23. Re3 Rb3 24. Rde1 h6 25. a4 Kh7 26.
R3e2 h4 27. Rc2 Ng4 28. Bxg7 Kxg7 29. Ne4 Re7 30. f3 f5 31. fxg4 fxe4 32.
Rxc4 e3 33. Rc6 Rb4 34. Rxa6 Rxf4 35. a5 Rxg4 36. Kh2 Ra4 37. Kh3 e2 38.
Rxd6 Re3+ 39. Kh2 Rxa5 40. Re6 Rxe6 41. dxe6 Re5 42. g3 Kg6 43. gxh4 Kh5
44. Kg3 Rxe6 45. Kf3 Rf6+ 46. Kg3 Rg6+ 47. Kf2 Rg4 48. Kxe2 Kxh4 49. Rh1+
Kg5 50. Kf2 h5 51. Rg1 Kf4 52. Rxg4+ hxg4 53. Kg2 g3 54. Kg1 1/2-1/2

[Event "74th ch-BUL"]
[Site "Kyustendil BUL"]
[Date "2010.04.11"]
[Round "6"]
[White "Janev,E"]
[Black "Spasov,V"]
[Result "1/2-1/2"]
[WhiteElo "2450"]
[BlackElo "2599"]
[EventDate "2010.04.07"]

1. d4 Nf6 2. c4 g6 3. Nc3 Bg7 4. e4 d6 5. h3 O-O 6. Nf3 e5 7. dxe5 dxe5 8.
Be3 Nc6 9. Be2 b6 10. O-O Bb7 11. c5 Nd4 12. Nxd4 exd4 13. Bxd4 Nxe4 14.
Bxg7 Kxg7 15. Nxe4 Bxe4 16. Qa4 Re8 17. Rfe1 Qf6 18. Bf1 Bc6 19. Qa3 a5 20.
Rxe8 Rxe8 21. Rd1 Re6 22. cxb6 cxb6 23. b4 Rd6 24. Rxd6 Qxd6 25. Qc3+ Qf6
26. Qe1 axb4 27. Qxb4 Bd5 28. a4 h5 29. a5 bxa5 30. Qxa5 Qd4 31. Qb5
1/2-1/2

[Event "74th ch-BUL"]
[Site "Kyustendil BUL"]
[Date "2010.04.11"]
[Round "6"]
[White "Berbatov,K"]
[Black "Kukov,V"]
[Result "0-1"]
[WhiteElo "2481"]
[BlackElo "2368"]
[EventDate "2010.04.07"]

1. e4 Nf6 2. e5 Nd5 3. d4 d6 4. c4 Nb6 5. exd6 exd6 6. Nc3 Be7 7. h3 Nc6 8.
Nf3 Bf5 9. d5 Nb4 10. Nd4 Bg6 11. a3 Na6 12. b4 O-O 13. Be2 Nb8 14. O-O c5
15. Nb3 Bf6 16. Bb2 cxb4 17. axb4 Na6 18. Rxa6 bxa6 19. Qd2 Rc8 20. c5 dxc5
21. bxc5 Nxd5 22. Nxd5 Bxb2 23. Rd1 Ba3 24. Qd4 Bc2 25. Rd3 Bxd3 26. Bxd3
Re8 27. g3 Bb2 0-1

[Event "74th ch-BUL"]
[Site "Kyustendil BUL"]
[Date "2010.04.11"]
[Round "6"]
[White "Iotov,V"]
[Black "Nikolov,Mo"]
[Result "0-1"]
[WhiteElo "2568"]
[BlackElo "2550"]
[EventDate "2010.04.07"]

1. d4 Nf6 2. c4 e6 3. Nc3 Bb4 4. Qc2 c5 5. dxc5 O-O 6. a3 Bxc5 7. Nf3 b6 8.
Bf4 Bb7 9. Rd1 Nc6 10. e3 Nh5 11. Bg3 Nxg3 12. hxg3 h6 13. g4 Be7 14. Ne4
f5 15. gxf5 Rxf5 16. Ng3 Rf7 17. Qe4 Bf6 18. Bd3 Bxb2 19. Qh7+ Kf8 20. Bg6
Ne5 21. Nxe5 Bxe5 22. Bxf7 Kxf7 23. Rxh6 Qc7 24. Qg6+ Ke7 25. Qg5+ Kf7 26.
Rh4 Rf8 27. Ne2 Ke8 28. Qg4 Bf6 29. Qh5+ Kd8 30. Rg4 Ba6 31. Rc1 Qd6 32.
Qh7 Qxa3 33. Qe4 Ke7 34. f4 Rc8 35. f5 Qa5+ 36. Kf2 Qxf5+ 37. Qxf5 exf5 38.
Rf4 g6 39. c5 bxc5 40. Ra4 Bxe2 41. Kxe2 Rc7 42. Rc2 Ke6 43. Rca2 Rb7 44.
Rxa7 Rb3 45. R7a3 Rb1 46. Rc2 d6 47. Ra6 Rb5 48. Ra8 Be5 49. Re8+ Kf7 50.
Rc8 g5 51. Rc7+ Ke6 52. Rd2 Rb3 53. Rd3 Rb4 54. Rd2 c4 55. Rc8 f4 56. exf4
gxf4 57. Kd1 Ra4 58. Re8+ Kf5 59. Rf8+ Ke4 60. Re2+ Kd5 61. Rd2+ Kc6 62.
Ke2 c3 63. Rc2 Re4+ 64. Kf2 Kd5 65. Rc8 Re3 66. Re2 Rg3 67. Rb8 Kc4 68. Ke1
f3 69. Re4+ Kd3 70. gxf3 Rxf3 71. Rxe5 dxe5 72. Rd8+ Kc2 73. Ke2 Rf4 0-1

[Event "74th ch-BUL"]
[Site "Kyustendil BUL"]
[Date "2010.04.11"]
[Round "6"]
[White "Radulski,J"]
[Black "Milchev,N"]
[Result "1-0"]
[WhiteElo "2592"]
[BlackElo "2382"]
[EventDate "2010.04.07"]

1. e4 e5 2. Nf3 Nf6 3. Nxe5 d6 4. Nf3 Nxe4 5. d4 d5 6. Bd3 Nc6 7. O-O Be7
8. c4 Nb4 9. cxd5 Nxd3 10. Qxd3 Qxd5 11. Re1 Bf5 12. Ne5 Nd6 13. Nc3 Qa5
14. Qe2 O-O 15. b4 Qa6 16. Nd5 Bd8 17. Qxa6 bxa6 18. Nc6 Be4 19. Nde7+ Kh8
20. Bf4 Bd3 21. Rac1 Nf5 22. Nxf5 Bxf5 23. d5 Bg6 24. Ne5 Bf5 25. Nxf7+ Kg8
26. Nxd8 Rfxd8 27. Rc5 Re8 28. Re3 Bb1 29. Rxc7 Bxa2 30. d6 h6 31. Be5 Bf7
32. d7 Reb8 33. h4 Rd8 34. Bd6 Bg6 35. Be7 Rdb8 36. Rg3 Bf5 37. d8=Q+ Rxd8
38. Bxd8 Rxd8 39. Rgxg7+ Kh8 40. Rxa7 Be4 41. Rge7 1-0

[Event "74th ch-BUL"]
[Site "Kyustendil BUL"]
[Date "2010.04.11"]
[Round "6"]
[White "Petkov,V"]
[Black "Marholev,D"]
[Result "0-1"]
[WhiteElo "2484"]
[BlackElo "2423"]
[EventDate "2010.04.07"]

1. d4 d6 2. Nf3 Bg4 3. e4 e6 4. Bd3 c6 5. Nbd2 Be7 6. Nf1 Bh5 7. Ng3 Bg6 8.
h4 h6 9. h5 Bh7 10. O-O Nf6 11. Re1 d5 12. e5 Nfd7 13. Bxh7 Rxh7 14. b3 Nf8
15. c4 Nbd7 16. Bd2 a5 17. Qc2 Rh8 18. Re3 Nb6 19. a4 c5 20. Rd3 Nfd7 21.
Rd1 Qc7 22. dxc5 Bxc5 23. Bc3 dxc4 24. bxc4 Qc6 25. Qe2 Qxa4 26. Bd4 Qxc4
27. Ne4 Bb4 28. Nd6+ Bxd6 29. exd6 Nd5 30. Qd2 f6 31. Ba1 Kf7 32. Rd4 Qb3
33. Rd3 Qb5 34. Nd4 Qb4 35. Qa2 N7b6 36. Nxe6 Kxe6 37. Rxd5 Qc4 38. Qxc4
Nxc4 39. d7 Rhd8 40. R5d4 b5 41. f4 Ra7 42. f5+ Kxf5 43. Rd5+ Ke6 44. Rxb5
Raxd7 45. Re1+ Kf7 46. Bc3 Rd5 47. Rb7+ R8d7 48. Rxd7+ Rxd7 49. Ra1 Rd5 50.
Ra4 Nb6 51. Rxa5 Rxa5 52. Bxa5 Nd5 53. Kf2 f5 54. Kg3 Kf6 55. Bd2 Ke5 56.
Bc1 Ke4 57. Bb2 Nf4 0-1

[Event "74th ch-BUL"]
[Site "Kyustendil BUL"]
[Date "2010.04.11"]
[Round "6"]
[White "Georgiev,Ki"]
[Black "Badev,K"]
[Result "1-0"]
[WhiteElo "2669"]
[BlackElo "2396"]
[EventDate "2010.04.07"]

1. d4 d5 2. Nf3 Nc6 3. Bf4 e6 4. e3 Bd6 5. Bg3 Qe7 6. c4 Bxg3 7. hxg3 Qb4+
8. Nc3 dxc4 9. Qc2 Bd7 10. a3 Qb3 11. Qb1 Na5 12. Nd2 Qb6 13. Rxh7 Rxh7 14.
Qxh7 Qxb2 15. Qxg8+ Ke7 16. Qxa8 Qxc3 17. Rd1 Ba4 18. Be2 Bxd1 19. Bxd1
Qxa3 20. Qxa7 Kd7 21. Qc5 Qc3 22. d5 b6 23. Qb5+ Kd6 24. Ba4 Ke7 25. Qe8+
Kf6 26. dxe6 fxe6 27. Qd8+ Kg6 28. Be8+ Kh7 29. Bf7 1-0

[Event "74th ch-BUL"]
[Site "Kyustendil BUL"]
[Date "2010.04.12"]
[Round "7"]
[White "Badev,K"]
[Black "Arnaudov,G"]
[Result "0-1"]
[WhiteElo "2396"]
[BlackElo "2404"]
[EventDate "2010.04.07"]

1. e4 c5 2. Nf3 Nc6 3. d4 cxd4 4. Nxd4 e6 5. Nc3 Qc7 6. g3 a6 7. Bg2 d6 8.
O-O Bd7 9. Nce2 Nf6 10. c4 Be7 11. b3 O-O 12. Bb2 Rac8 13. Rc1 Qb8 14. Re1
b5 15. Nxc6 Bxc6 16. Nd4 Ba8 17. cxb5 axb5 18. a3 b4 19. a4 Bb7 20. Rxc8
Rxc8 21. Nb5 e5 22. Qd2 Bf8 23. f3 Bc6 24. Bf1 d5 25. exd5 Bc5+ 26. Kg2
Bxd5 27. Bxe5 Bxf3+ 28. Kxf3 Qb7+ 29. Kf4 g5+ 30. Kf5 Qf3+ 31. Bf4 Qg4+ 32.
Kxf6 gxf4 33. Bc4 Rc6+ 34. Ke5 Re6+ 35. Bxe6 Qxe6+ 36. Kxf4 Qh6+ 0-1

[Event "74th ch-BUL"]
[Site "Kyustendil BUL"]
[Date "2010.04.12"]
[Round "7"]
[White "Marholev,D"]
[Black "Georgiev,Ki"]
[Result "0-1"]
[WhiteElo "2423"]
[BlackElo "2669"]
[EventDate "2010.04.07"]

1. e4 c5 2. Nc3 a6 3. Nf3 e6 4. d4 cxd4 5. Nxd4 b5 6. Bd3 d6 7. O-O Nf6 8.
a3 Be7 9. f4 Bb7 10. Kh1 Nbd7 11. b4 O-O 12. Qe1 Qc7 13. Bb2 Nb6 14. Nb3
Rac8 15. Na5 Ba8 16. e5 dxe5 17. fxe5 Ng4 18. Qg3 f5 19. Rae1 Qd8 20. Re2
Bh4 21. Qh3 Qe7 22. Nd1 Rcd8 23. c4 Rd7 24. Bc3 Rfd8 25. Nb2 bxc4 26. Naxc4
Rxd3 0-1

[Event "74th ch-BUL"]
[Site "Kyustendil BUL"]
[Date "2010.04.12"]
[Round "7"]
[White "Milchev,N"]
[Black "Petkov,V"]
[Result "0-1"]
[WhiteElo "2382"]
[BlackElo "2484"]
[EventDate "2010.04.07"]

1. Nf3 c5 2. c3 Nf6 3. d4 e6 4. e3 Nc6 5. Bd3 b6 6. O-O Bb7 7. Nbd2 Be7 8.
Qe2 O-O 9. a3 d5 10. dxc5 bxc5 11. e4 Qc7 12. Re1 a5 13. c4 dxe4 14. Nxe4
Rfd8 15. Nxf6+ Bxf6 16. Ng5 h6 17. Ne4 Be7 18. Be3 Nd4 19. Qf1 Bc6 20. Nc3
Qb7 21. Rab1 Bxg2 22. Qxg2 Nf3+ 23. Kf1 Rxd3 24. Bxh6 g5 25. Ne4 Rad8 26.
Bxg5 Bxg5 27. Nxg5 Nd2+ 28. Kg1 Qxg2+ 29. Kxg2 Nxb1 0-1

[Event "74th ch-BUL"]
[Site "Kyustendil BUL"]
[Date "2010.04.12"]
[Round "7"]
[White "Kukov,V"]
[Black "Iotov,V"]
[Result "1/2-1/2"]
[WhiteElo "2368"]
[BlackElo "2568"]
[EventDate "2010.04.07"]

1. d4 Nf6 2. c3 e6 3. Bg5 c5 4. e3 Nc6 5. Nd2 cxd4 6. exd4 h6 7. Bh4 Be7 8.
Bd3 b6 9. Ngf3 Bb7 10. Qe2 O-O 11. Bxf6 Bxf6 12. O-O-O Qc7 13. Kb1 g6 14.
h4 d5 15. Rde1 Bg7 16. Ne5 Nxe5 17. dxe5 d4 18. c4 Bxg2 19. Rh2 Bb7 20. h5
g5 21. f4 gxf4 22. Qg4 Kh8 23. Qxf4 f5 24. Nf3 Rad8 25. Nh4 Rf7 26. Rg1 Be4
27. Bxe4 fxe4 28. Qxe4 Qxc4 29. Ng6+ Kg8 30. Nf4 Rc8 31. Rhg2 Rcc7 32. Qa8+
Kh7 33. Qe4+ Kh8 34. Ng6+ Kg8 35. Nf4 Rf5 36. Qa8+ Kh7 37. Qe4 Kh8 38. Qa8+
Kh7 39. Qe4 Kh8 40. Qa8+ 1/2-1/2

[Event "74th ch-BUL"]
[Site "Kyustendil BUL"]
[Date "2010.04.12"]
[Round "7"]
[White "Spasov,V"]
[Black "Berbatov,K"]
[Result "1-0"]
[WhiteElo "2599"]
[BlackElo "2481"]
[EventDate "2010.04.07"]

1. d4 Nf6 2. g3 c5 3. dxc5 e6 4. Bg2 Bxc5 5. Nf3 O-O 6. c4 Nc6 7. O-O d5 8.
cxd5 exd5 9. Bg5 Be6 10. Nc3 d4 11. Bxf6 Qxf6 12. Ne4 Qe7 13. Nxc5 Qxc5 14.
Qd2 Rac8 15. Rfd1 Rfd8 16. Rac1 Qb6 17. b3 h6 18. Ne1 Bd5 19. Nd3 Bxg2 20.
Kxg2 Rc7 21. Qf4 Re7 22. Rd2 Rde8 23. Qf3 Qa5 24. Rdc2 Qa3 25. Kf1 Qd6 26.
Rd2 g6 27. Nc5 Kg7 28. Nd3 Qd7 29. Kg2 h5 30. Nc5 Qd6 31. Nxb7 Qb4 32. Nd6
Rd8 33. Ne4 Rxe4 34. Rxc6 Rde8 35. Qf6+ Kg8 36. Rc7 Rf8 37. Rdc2 Re6 38.
Qf3 a6 39. Rd7 Kg7 40. Qd5 Rfe8 41. Rc8 R8e7 42. Rxe7 Rxe7 43. Qd8 Kh6 44.
Qf8+ Kg5 45. Rc7 1-0

[Event "74th ch-BUL"]
[Site "Kyustendil BUL"]
[Date "2010.04.12"]
[Round "7"]
[White "Chatalbashev,B"]
[Black "Janev,E"]
[Result "1/2-1/2"]
[WhiteElo "2555"]
[BlackElo "2450"]
[EventDate "2010.04.07"]

1. d4 Nf6 2. c4 e6 3. Nf3 b6 4. e3 Bb7 5. Nc3 Bb4 6. Bd3 Bxc3+ 7. bxc3 d6
8. Qc2 Qe7 9. e4 e5 10. O-O Nbd7 11. Re1 h6 12. a4 a5 13. Nh4 g6 14. f4 Nh5
15. Qf2 Nxf4 16. Bxf4 exf4 17. Re2 O-O-O 18. Qxf4 Rde8 19. Nf3 Kb8 20. Rae1
f6 21. Nd2 h5 22. Nf1 Qd8 23. Ne3 Ne5 24. Bc2 g5 25. Qf1 Ng6 26. Nd5 Rhf8
27. Rf2 Re6 28. Bd1 g4 29. Rf5 Ne7 30. Rxh5 f5 31. exf5 Rxe1 32. Qxe1 Nxd5
33. cxd5 Bxd5 34. Bxg4 Qd7 35. Qd1 Bc6 36. f6 Bxa4 37. Qe2 Qc6 38. Qf3 Qxf3
39. Bxf3 Bb3 40. Bd5 Bxd5 41. Rxd5 Rxf6 42. g4 Kb7 43. Rb5 Kc6 44. Rb1 Kd5
45. Kg2 Rf8 46. h4 Ke6 47. Kg3 a4 48. Re1+ Kf7 49. Ra1 Ra8 50. Kf4 a3 51.
Ke4 b5 52. Ra2 Ke6 53. d5+ Kf6 54. g5+ Kg6 55. Kd3 Ra4 56. Kc2 Rxh4 57.
Rxa3 Rc4 58. Kd3 Kxg5 59. Ra1 Kf6 60. Re1 Kf7 61. Re2 Ra4 62. Rb2 Ra5 63.
Re2 b4 64. c4 Ra3+ 65. Kd4 Rh3 66. Rb2 b3 67. c5 dxc5+ 68. Kxc5 Ke7 69.
Re2+ Kd7 70. Kc4 Rg3 71. Rh2 Kd6 72. Re2 b2 73. Rxb2 Rg4+ 74. Kc3 Kxd5 75.
Rh2 Rg3+ 76. Kc2 c5 77. Rh4 Kc6 78. Rf4 Kb5 79. Rh4 Rf3 80. Rg4 Ra3 81. Rh4
Rg3 82. Rf4 Ra3 83. Rh4 Ra2+ 84. Kc3 Ra1 85. Rg4 Rc1+ 86. Kb2 Rc4 87. Rxc4
Kxc4 88. Kc2 Kd4 89. Kd2 c4 90. Kc2 Kd5 91. Kc3 Kc5 92. Kc2 Kd4 93. Kd2 c3+
94. Kc2 Kc4 95. Kc1 Kd3 96. Kd1 c2+ 97. Kc1 Kc3 1/2-1/2

[Event "74th ch-BUL"]
[Site "Kyustendil BUL"]
[Date "2010.04.13"]
[Round "8"]
[White "Arnaudov,G"]
[Black "Janev,E"]
[Result "1/2-1/2"]
[WhiteElo "2404"]
[BlackElo "2450"]
[EventDate "2010.04.07"]

1. d4 d6 2. Nf3 Bg4 3. c4 g6 4. Qb3 Qc8 5. h3 Bxf3 6. Qxf3 Bg7 7. e3 Nd7 8.
Nc3 e5 9. dxe5 Nxe5 10. Qd1 Nf6 11. Be2 O-O 12. b3 Qf5 13. O-O Ne4 14. Nxe4
Qxe4 15. Bb2 a5 16. Rc1 a4 17. Qd5 Qxd5 18. cxd5 axb3 19. axb3 Ra2 20. Bxe5
Bxe5 21. Bb5 Ra5 22. Bd7 Rxd5 23. Rxc7 Rb8 24. f4 Bf6 25. e4 Bd4+ 26. Kh2
Rc5 27. Rxc5 dxc5 28. Bb5 Kg7 29. g4 Ra8 30. g5 Ra3 31. Rf3 f6 32. Bc4 h6
33. gxf6+ Kxf6 34. e5+ Ke7 35. h4 Ra2+ 36. Kh3 Ra1 37. f5 Rh1+ 38. Kg4 Rg1+
39. Kf4 g5+ 40. hxg5 hxg5+ 41. Ke4 Re1+ 42. Kd3 Bxe5 43. Re3 Rxe3+ 44. Kxe3
Kd6 45. Be2 Bf6 46. Ke4 Kc6 47. Bd3 b5 48. Be2 Bg7 49. Bd3 Bh8 50. Be2 Bd4
51. Bd3 Kb6 52. Kd5 Ka5 53. f6 Kb4 54. f7 Bg7 55. Ke4 Kxb3 56. Bxb5 c4 57.
Bxc4+ Kxc4 1/2-1/2

[Event "74th ch-BUL"]
[Site "Kyustendil BUL"]
[Date "2010.04.13"]
[Round "8"]
[White "Berbatov,K"]
[Black "Chatalbashev,B"]
[Result "0-1"]
[WhiteElo "2481"]
[BlackElo "2555"]
[EventDate "2010.04.07"]

1. e4 d6 2. d4 Nf6 3. Nc3 g6 4. Be3 Bg7 5. f3 O-O 6. Qd2 e5 7. O-O-O exd4
8. Bxd4 Nc6 9. Be3 Re8 10. g4 Be6 11. g5 Nh5 12. Nge2 Ne5 13. Nd4 Nc4 14.
Nxe6 Nxd2 15. Nxd8 Nxf1 16. Rhxf1 Raxd8 17. Nb5 Rd7 18. Nxa7 Ra8 19. Kb1 c6
20. c4 f6 21. gxf6 Nxf6 22. b4 Rdd8 23. Bb6 Rf8 24. c5 d5 25. b5 dxe4 26.
bxc6 bxc6 27. Nxc6 e3 28. Rfe1 Rfe8 29. Nb4 Re5 30. Re2 Bf8 31. Rd3 Bh6 32.
Rb3 Nd7 33. Nc2 Nxc5 34. Rb5 Rb8 35. Nb4 Nd3 36. Rxe5 Rxb6 37. Re4 Rxb4+
38. Rxb4 Nxb4 39. Kb2 Kf7 40. Kb3 Nc6 41. Kc4 Ke6 42. a4 Kd6 43. Ra2 Ne5+
44. Kc3 Kc6 45. a5 Kb7 46. Kd4 Nxf3+ 47. Ke4 Nh4 48. a6+ Ka7 49. Kd3 Nf5
50. Rc2 Bf4 51. Rc6 e2 0-1

[Event "74th ch-BUL"]
[Site "Kyustendil BUL"]
[Date "2010.04.13"]
[Round "8"]
[White "Radulski,J"]
[Black "Kukov,V"]
[Result "1-0"]
[WhiteElo "2592"]
[BlackElo "2368"]
[EventDate "2010.04.07"]

1. e4 Nf6 2. e5 Nd5 3. d4 d6 4. Nf3 dxe5 5. Nxe5 c6 6. Be2 Nd7 7. Nf3 g6 8.
c4 Nc7 9. O-O Bg7 10. Nc3 O-O 11. Be3 Ne6 12. Qd2 Qc7 13. Rad1 Rd8 14. d5
Bxc3 15. Qxc3 Nf4 16. Bxf4 Qxf4 17. dxc6 bxc6 18. Ne5 c5 19. Bf3 Rb8 20.
Nc6 Re8 21. Nxb8 Nxb8 22. Qa5 1-0

[Event "74th ch-BUL"]
[Site "Kyustendil BUL"]
[Date "2010.04.13"]
[Round "8"]
[White "Petkov,V"]
[Black "Nikolov,Mo"]
[Result "1-0"]
[WhiteElo "2484"]
[BlackElo "2550"]
[EventDate "2010.04.07"]

1. d4 Nf6 2. c4 e6 3. Nc3 Bb4 4. e3 O-O 5. Nge2 Re8 6. a3 Bf8 7. d5 exd5 8.
cxd5 c5 9. Ng3 d6 10. Be2 a6 11. O-O b5 12. b4 Nbd7 13. e4 Bb7 14. Bg5 h6
15. Be3 Rc8 16. Rc1 g6 17. Qd2 h5 18. f3 Bg7 19. Rc2 Qe7 20. Rfc1 Rc7 21.
Nd1 c4 22. a4 Bc8 23. axb5 axb5 24. Nc3 Rb7 25. Ra1 Nf8 26. Ra5 Bd7 27. Bf1
N6h7 28. Nge2 f5 29. Nd4 Bxd4 30. Bxd4 fxe4 31. fxe4 Ng5 32. Qf4 Nfh7 33.
Ra6 Nf7 34. Rca2 g5 35. Qf3 Bg4 36. Qf2 Ne5 37. Ra8 Rxa8 38. Rxa8+ Kg7 39.
h3 Bd7 40. Be2 Be8 41. Qf5 Bd7 42. Qf1 Be8 43. Qa1 Bg6 44. Qa6 Nf6 45. Nxb5
Nxe4 46. Bxc4 Kh7 47. Bf1 g4 48. hxg4 hxg4 49. Qc6 Rd7 50. Qc8 Qg7 51. Qf8
Bf7 52. Qxg7+ Kxg7 53. Nxd6 Nxd6 54. Bxe5+ Kh7 55. Bd3+ Kh6 56. Ra6 1-0

[Event "74th ch-BUL"]
[Site "Kyustendil BUL"]
[Date "2010.04.13"]
[Round "8"]
[White "Georgiev,Ki"]
[Black "Milchev,N"]
[Result "1-0"]
[WhiteElo "2669"]
[BlackElo "2382"]
[EventDate "2010.04.07"]

1. d4 d5 2. Nf3 Nc6 3. Bf4 Bg4 4. e3 e6 5. c4 Bd6 6. Bg3 Nge7 7. Nc3 O-O 8.
Be2 dxc4 9. Bxc4 a6 10. O-O Ng6 11. Be2 Rb8 12. Rc1 Nce7 13. Ne4 Nf5 14.
Nfg5 Nxg3 15. hxg3 Bf5 16. Bd3 Be7 17. Qh5 h6 18. Nf3 Nh8 19. Rfd1 Kh7 20.
g4 g6 21. Qh3 Bxe4 22. Bxe4 c6 23. g3 f5 24. gxf5 exf5 25. Bd3 Nf7 26. g4
fxg4 27. Qxg4 Qd6 28. Ne5 Nh8 29. Nd7 Kg7 30. Nxb8 Qxb8 31. Qd7 Re8 32. d5
Nf7 33. dxc6 bxc6 34. Qxc6 Bf6 35. Bxa6 Re5 36. Rd5 Rxe3 37. fxe3 Qg3+ 38.
Kf1 Qf3+ 39. Ke1 Qxe3+ 40. Be2 Bxb2 41. Rc4 h5 42. Qc5 Qh3 43. Kd2 Qh1 44.
Rd7 1-0

[Event "74th ch-BUL"]
[Site "Kyustendil BUL"]
[Date "2010.04.13"]
[Round "8"]
[White "Badev,K"]
[Black "Marholev,D"]
[Result "0-1"]
[WhiteElo "2396"]
[BlackElo "2423"]
[EventDate "2010.04.07"]

1. e4 e5 2. Nf3 Nc6 3. Bb5 a6 4. Ba4 Nf6 5. O-O Be7 6. Re1 b5 7. Bb3 d6 8.
c3 O-O 9. h3 Na5 10. Bc2 c5 11. d4 Qc7 12. Nbd2 cxd4 13. cxd4 Bb7 14. Nf1
Rac8 15. Re2 d5 16. Nxe5 dxe4 17. Ng3 Rfd8 18. Nf5 Bd6 19. Bf4 Nc4 20. Nxd6
Qxd6 21. Nxc4 Qxf4 22. Na5 Ba8 23. Qd2 Qh4 24. Rae1 Re8 25. Nb3 Nh5 26. Nc5
Nf4 27. Re3 Qg5 28. f3 Nxh3+ 29. Kf1 f5 30. gxh3 f4 31. Rxe4 Bxe4 32. Bxe4
Rcd8 33. d5 Kh8 34. b4 Qh4 35. Rd1 Re5 36. Qf2 Qxh3+ 37. Ke2 g5 38. Qd4
Rdxd5 39. Qf2 Rxd1 40. Kxd1 Qh1+ 41. Kc2 Qa1 42. Kb3 Qd1+ 43. Kb2 h5 44.
Nb3 Qd6 45. Qa7 Re7 46. Qa8+ Kg7 47. Qc8 g4 48. Ka3 g3 49. Qf5 Kh6 50. Nd4
Rxe4 51. Qxe4 Qf6 52. Ne2 g2 53. Kb3 h4 54. Ng1 Qf7+ 55. Kc3 Qxa2 56. Qxf4+
Kg7 57. Qd4+ Kg6 58. Kd3 Qb1+ 59. Kd2 Qf1 60. Qg4+ Kf7 61. Nh3 Ke8 62. f4
Qc4 63. Qe2+ Kf7 64. Qh5+ Ke6 65. Qe5+ Kd7 66. Qg7+ Kd6 67. Qg6+ Kd7 68.
Qd3+ Ke7 69. Qe3+ Kd7 70. Qa7+ Kd8 71. Qc5 Qa2+ 72. Qc2 Qc4 73. Qd3+ Ke7
74. Qe3+ Kd8 75. Qc5 Qa2+ 76. Kd1 Qb3+ 77. Ke2 Qxh3 78. Qf8+ Kd7 79. Qg7+
Kc6 80. Qf6+ Kd5 81. Qg5+ Kc4 82. Qc5+ Kb3 83. Qd5+ Ka3 0-1

[Event "74th ch-BUL"]
[Site "Kyustendil BUL"]
[Date "2010.04.13"]
[Round "9"]
[White "Marholev,D"]
[Black "Arnaudov,G"]
[Result "0-1"]
[WhiteElo "2423"]
[BlackElo "2404"]
[EventDate "2010.04.07"]

1. d4 Nf6 2. Nf3 e6 3. g3 b6 4. Bg2 Bb7 5. O-O c5 6. c4 cxd4 7. b3 Be7 8.
Bb2 O-O 9. Qxd4 d6 10. Nc3 a6 11. Rfd1 Nbd7 12. e4 Qc7 13. Ba3 Nc5 14. e5
dxe5 15. Qxe5 Qc8 16. Bb2 Ra7 17. Nd5 Bd8 18. Nxf6+ Bxf6 19. Qe2 Bxb2 20.
Qxb2 Qa8 21. Ne1 h6 22. b4 Ne4 23. f3 Nf6 24. a4 a5 25. b5 Qc8 26. Qd4 Qc7
27. Rac1 Rc8 28. Bf1 Ba8 29. Qd6 Nd7 30. Kf2 Qxd6 31. Rxd6 Kf8 32. c5 Rxc5
33. Rxc5 bxc5 34. b6 Ke7 35. Rxe6+ fxe6 36. bxa7 Nb6 37. Bb5 Kd6 38. Nd3 c4
39. Nf4 g5 40. Ne2 Kc5 41. h3 e5 42. f4 gxf4 43. gxf4 e4 44. f5 Nd5 45. Nc3
Nxc3 46. f6 e3+ 47. Ke1 Kd6 48. Bxc4 Nxa4 49. Ke2 Nb6 50. Ba2 Nd5 51. f7
Ke7 0-1

[Event "74th ch-BUL"]
[Site "Kyustendil BUL"]
[Date "2010.04.13"]
[Round "9"]
[White "Milchev,N"]
[Black "Badev,K"]
[Result "1/2-1/2"]
[WhiteElo "2382"]
[BlackElo "2396"]
[EventDate "2010.04.07"]

1. e4 e5 2. Nf3 Nf6 3. Nxe5 d6 4. Nf3 Nxe4 5. Qe2 Qe7 6. d3 Nf6 7. Bg5
Qxe2+ 8. Bxe2 Be7 9. Nc3 h6 10. Bf4 Nc6 11. O-O-O Bf5 12. h3 O-O-O 13. a3
a6 14. Rhe1 Rhe8 15. d4 Bf8 16. Bd3 Bxd3 17. Rxe8 Rxe8 18. Rxd3 Ne7 19. Re3
Ng6 20. Rxe8+ Nxe8 21. Bg3 Nf6 22. Nh4 Nxh4 23. Bxh4 g5 24. Bg3 Kd7 25. Kd2
c6 26. Kd3 b5 27. Ne4 Nxe4 28. Kxe4 Ke6 29. f3 f5+ 30. Kd3 Bg7 31. b3 Bf6
32. Bf2 Bg7 33. Be3 Bf6 34. Bf2 Bg7 35. Be3 Bf6 36. Bf2 1/2-1/2

[Event "74th ch-BUL"]
[Site "Kyustendil BUL"]
[Date "2010.04.13"]
[Round "9"]
[White "Nikolov,Mo"]
[Black "Georgiev,Ki"]
[Result "1/2-1/2"]
[WhiteElo "2550"]
[BlackElo "2669"]
[EventDate "2010.04.07"]

1. d4 Nf6 2. c4 g6 3. Nc3 d5 4. cxd5 Nxd5 5. Bd2 Bg7 6. e4 Nb6 7. Be3 O-O
8. h3 f5 9. exf5 Bxf5 10. Nf3 Nc6 11. Qb3+ Kh8 12. d5 Ne5 13. Nxe5 Bxe5 14.
Rd1 a5 15. g4 Bd7 16. Bg2 Nc8 17. Qxb7 Nd6 18. Qb3 Qb8 19. Qc2 Bb5 20. Bf1
Bd7 21. Bg2 Bb5 22. Bf1 Bd7 23. Bg2 1/2-1/2

[Event "74th ch-BUL"]
[Site "Kyustendil BUL"]
[Date "2010.04.13"]
[Round "9"]
[White "Kukov,V"]
[Black "Petkov,V"]
[Result "1-0"]
[WhiteElo "2368"]
[BlackElo "2484"]
[EventDate "2010.04.07"]

1. d4 Nf6 2. c3 d5 3. Bf4 Bf5 4. Nf3 e6 5. e3 Nbd7 6. Nbd2 Bd6 7. Bg3 h6 8.
Qb3 Qb8 9. c4 Bxg3 10. hxg3 c6 11. Bd3 Ne4 12. Bxe4 dxe4 13. Ng5 Nf6 14.
Qc2 O-O 15. Ngxe4 Nxe4 16. Nxe4 Bh7 17. O-O-O c5 18. dxc5 Qc7 19. Rd4 f5
20. Nd6 f4 21. Qc3 fxg3 22. f3 Qxc5 23. Rxh6 Qg5 24. Rh1 Rad8 25. Rg4 Qe7
26. c5 b6 27. Rgh4 bxc5 28. Nc4 Rd3 29. Qc2 Bf5 30. Rh8+ Kf7 31. Ne5+ Kf6
32. Rxf8+ Qxf8 33. Nxd3 1-0